SkyTeam - Fluggesellschaften - Statistiken

Allgemein
  • Dieses Quiz wurde 155 mal gespielt
  • Das Durchschnittsergebnis liegt bei 10 aus 19
Antwortstatistiken
Herkunft Fluggesellschaft % Korrekt
Frankreich Air France
96%
Niederlande KLM Royal Dutch Airlines
86%
Russland Aeroflot
75%
Vereinigte Staaten Delta Air Lines
71%
Italien Alitalia
67%
Südkorea Korean Air
60%
Vietnam Vietnam Airlines
56%
Taiwan China Airlines
53%
Mexiko Aeroméxico
48%
Kenia Kenya Airways
48%
Tschechien Czech Airlines
44%
China China Eastern
42%
Rumänien TAROM
37%
Spanien Air Europa
36%
Saudi-Arabien Saudi Arabian Airlines
35%
Indonesien Garuda Indonesia
34%
Argentinien Aerolineas Argentinas
32%
Libanon Middle East Airlines
29%
China Xiamen Airlines
16%
Keine übereinstimmenden Quizze gefunden
Verteilung der Resultate
Anzahl Personen mit jedem Resultat
Perzentil nach korrekt beantworteten Fragen
Ihre Resultats-Entwicklung
Sie haben dieses Quiz noch nicht gespielt